000
00277nam a2200109Ia 4500
008
230907s9999||||xx |||||||||||||| ||und||
082
_a
660.2804,PRO
245
0
_a
Process and plant safety :
260
_a
Wiley-VCH,
_b
Weinheim :
_c
2012
300
_a
xxiv, 381 p. :
942
_c
BK
999
_c
597735
_d
597735